000 00711nam a2200289Ia 4500
005 20260324115521.0
008 008 260324s9999 xx 000 0 eng d
020 _a9781315392103
037 _aEBOOK
040 _aCRL
040 _beng
040 _cCRL
041 _2eng
041 _aeng
084 _qCRL
100 _aValentina Gokenbach
_91154211
245 0 _aPhoenix Leadership
245 4 _bThe Healthcare Executive’s Strategy for Relevance and Resilience
260 _bTaylor and Francis
260 _c2017
365 _a
365 _b67.99
856 _uhttp://www.taylorfrancis.com/books/9781315392103
942 _cEBOOK
999 _c1745908
_d1745908